| 000 | 00794nam a2200241Ia 4500 | ||
|---|---|---|---|
| 003 | OSt | ||
| 005 | 20260317124545.0 | ||
| 008 | 220923b |||||||| |||| 00| 0 eng d | ||
| 020 | _a9780691152868 | ||
| 037 | _cTextbook | ||
| 040 |
_aRTL _cRTL _beng |
||
| 041 |
_2eng _aeng |
||
| 084 |
_aX:72:(B) P8;Q1/TD _qRTL |
||
| 100 |
_aWickens, Michael _9314018 |
||
| 245 | 0 |
_aMacroeconomic theory: A dynamic general equilibrium approach _b |
|
| 250 | _a2 | ||
| 260 |
_aNew Jersey _bPrinceton University Press _c2011 |
||
| 300 |
_axvii, 596 p. _bincludes bibliographical references and index |
||
| 500 | _aBibliography: P 575-87 | ||
| 650 | _aEconomics | ||
| 942 |
_hX:72:(B), P8;Q1/TD _cTB _2CC |
||
| 999 |
_c619814 _d619814 |
||